Normal view
MARC view
Entry Personal Name
001 - CONTROL NUMBER
- control field: 16091
003 - CONTROL NUMBER IDENTIFIER
- control field: OSt
005 - DATE AND TIME OF LATEST TRANSACTION
- control field: 20120628115303.0
008 - FIXED-LENGTH DATA ELEMENTS
- fixed length control field: 120628|||a|||||| | ||| d
040 ## - CATALOGING SOURCE
- Original cataloging agency: OSt
- Transcribing agency: OSt
100 ## - HEADING--PERSONAL NAME
- Personal name: Grudem, Wayne A.
- Title of a work: Bible doctrine.
670 ## - SOURCE DATA FOUND
- Source citation: Work cat.: (OSt)0: Grudem, Wayne A., Christian beliefs :, c2005.
